00515pab a2200169 454500008004000000100002600040245007100066260000900137300001300146362001200159650002100171773001300192908000600205909001100211999001900222952010400241180718b1971 xxu||||| |||| 00| 0 eng d aGupta, Shibshankar P. aScale effects on efficiency in the provision of municipal services c1971 ap.44-52. aOct-Dec aPublic utilities aNagarlok aN a102701 c102699d102699 00104070aIIPAbIIPAd2018-07-19hVolume no: 3, Issue no: 4pAR103161r2018-07-19w2018-07-19yAR